Score 0/32 Timer 03:00
4 Plays Today
Clue 4-letter word % Correct
🎶 Super ____ 🎶
OR Applause
CLAP
92.3%
Strong adhesiveGLUE
91.8%
🎶 Sexy, ____ & Single🎶
OR Liberated
FREE
91.1%
🎶 One More ____ 🎶
OR Clock reading
TIME
90.8%
🎶 ____ World🎶
OR Sky shade
BLUE
89.8%
Make small talkCHAT
89.5%
Winter outerwearCOAT
89.2%
🎶 One ____ Chance 🎶
OR To a greater extent
MORE
89%
British fellowCHAP
88.8%
In need of directionsLOST
88.7%
Paper fastenerCLIP
88.3%
Price; chargeCOST
88.3%
🎶 A Man In ____ 🎶
OR Tennis score
LOVE
87.8%
IdenticalSAME
87.6%
Leave in a hurryFLEE
87.5%
Hourglass fillerSAND
86.7%
Clue 4-letter word % Correct
DomesticatedTAME
86.5%
High spirits, euphoriaGLEE
86%
Of sound mindSANE
85.9%
Finish secondLOSE
85.3%
Ripped; shreddedTORE
84.6%
Car partTIRE
83.8%
Shake a legMOVE
83.3%
Put into wordsSAID
82.3%
Went down a chuteSLID
78.5%
Make indistinctBLUR
75.9%
Minor mistakeSLIP
73.7%
Narrow openingSLIT
72.7%
Meager; leanSLIM
69.5%
Urban blightSLUM
64.5%
Musical symbolSLUR
60.8%
🎶Black ____ 🎶
OR Diamonds, e.g.
SUIT
47.1%

Today's Daily Dose

Remove Ads.
Support Sporcle.
Get the best of Sporcle when you Go Orange. This ad-free experience offers more features, more stats, and more fun while also helping to support Sporcle. Thank you for becoming a member.

You're not logged in!

Compare scores with friends on all Sporcle quizzes.
OR
Log In

Sporcle TV

Today on Sporcle TV


Watch our educational content, quiz creation guides, and fun videos on Sporcle TV.

Show Comments

Extras

Top Quizzes Today


Score Distribution

Paid Content

Your Account Isn't Verified!

In order to create a playlist on Sporcle, you need to verify the email address you used during registration. Go to your Sporcle Settings to finish the process.

Report this User

Report this user for behavior that violates our Community Guidelines.

Details: